Bankovní sektor a bankovní dohled v Portugalsku
Vývoj portugalskej ekonomiky v 60. a 70. rokoch. Základné makroekonomické ukazovatele v r. 1993-1995. Štruktúra, veľkosť a efektívnosť portugalského bankového sektora. Právna úprava, organizácia a výkon bankového dohľadu.
Guardado en:
| Autor principal: | |
|---|---|
| Formato: | Capítulo de libro |
| Lenguaje: | checo |
| Materias: | |
| Etiquetas: |
Sin Etiquetas, Sea el primero en etiquetar este registro!
|
MARC
| LEADER | 00000naa a2200000 4500 | ||
|---|---|---|---|
| 001 | r025049 | ||
| 005 | 20230908090046.1 | ||
| 041 | 0 | |a cze | |
| 044 | |a CZ | ||
| 245 | 1 | 0 | |a Bankovní sektor a bankovní dohled v Portugalsku |c I. Babouček |
| 520 | |a Vývoj portugalskej ekonomiky v 60. a 70. rokoch. Základné makroekonomické ukazovatele v r. 1993-1995. Štruktúra, veľkosť a efektívnosť portugalského bankového sektora. Právna úprava, organizácia a výkon bankového dohľadu. | ||
| 610 | 2 | 0 | |a bankovníctvo |
| 610 | 2 | 0 | |a dohľad bankový |
| 610 | 2 | 0 | |a Portugalsko |
| 610 | 2 | 0 | |a história |
| 610 | 2 | 0 | |a politika menová |
| 610 | 2 | 0 | |a banky |
| 610 | 2 | 0 | |a legislatíva |
| 610 | 2 | 0 | |a úver bankový |
| 610 | 2 | 0 | |a vývoj hospodársky |
| 610 | 2 | 0 | |a ukazovatele ekonomické |
| 100 | 1 | |a Babouček, I. | |